| 000 | 00854nam a2200241 a 4500 | ||
|---|---|---|---|
| 001 | 44874 | ||
| 003 | BD-RjUL | ||
| 005 | 20211209053929.0 | ||
| 008 | 160720r20001969ii ||||| |||| 00| 0 ben d | ||
| 020 | _a8175222662 | ||
| 035 | _a(BD-RjUL)44992 | ||
| 040 |
_aBD-RjUL _bben _cBD-RjUL _dBD-RjUL |
||
| 041 | _aben | ||
| 082 |
_223 _a891.443 _bTHS 2000 |
||
| 100 |
_aঠাকুর, রবীন্দ্রনাথ _9137511 |
||
| 245 | 1 | 0 |
_aশেষের কবিতা / _cরবীন্দ্রনাথ ঠাকুর |
| 250 | _aনতুন সং. | ||
| 260 |
_aকলকাতা : _bবিশ্বভারতী, _c১৯৬৯[মুদ্রণ২০০০] |
||
| 300 |
_a১৯০ পৃ. ; _c১৯ সেমি. |
||
| 650 |
_aবাংলা উপন্যাস _9137512 |
||
| 650 |
_aBengali Fiction _9137513 |
||
| 942 |
_2ddc _cBK _01 |
||
| 999 |
_c44874 _d44874 |
||